[Event "MCR mladeze, Kouty 2018 - D12"]
[Site "Kouty nad Desnou"]
[Date "2018.03.14"]
[Round "6"]
[White "Hosova, Sandra"]
[Black "Folkova, Marketa"]
[Result "1-0"]
[WhiteElo "1142"]
[BlackElo "1027"]
[EventDate "2018.03.10"]

1. e4  e5  2. Nc3  Nf6
3. f4  d5  4. Qe2
Be7  5. fxe5  Ng4
6. d4  dxe4  7. h3
Nh6  8. Bxh6  gxh6
9. O-O-O  Be6  10. Qxe4
c6  11. Bd3  Nd7
12. Nge2  Qc7  13. Nf4
O-O-O  14. Rhf1  Nb6
15. Nxe6  fxe6  16. Qg4
Qd7  17. h4  Nd5
18. Nxd5  exd5  19. Bf5
1-0

[Event "MCR mladeze, Kouty 2018 - D12"]
[Site "Kouty nad Desnou"]
[Date "2018.03.14"]
[Round "6"]
[White "Novakova, Barbora"]
[Black "Rolinkova, Adela"]
[Result "1-0"]
[WhiteElo "1188"]
[BlackElo "1209"]
[EventDate "2018.03.10"]

1. e4  d6  2. d4  Nf6
3. Nc3  g6  4. f3
Bg7  5. Be3  O-O
6. Qd2  c6  7. O-O-O
Qa5  8. Kb1  Nbd7
9. Bh6  b6  10. h4
Bb7  11. g4  Rac8
12. Bxg7  Kxg7  13. Qh2
b5  14. e5  dxe5
15. dxe5  Nd5  16. Ne4
N7b6  17. h5  Rcd8
18. hxg6  Rh8  19. Qh6+
Kg8  20. gxh7+  1-0

[Event "MCR mladeze, Kouty 2018 - D12"]
[Site "Kouty nad Desnou"]
[Date "2018.03.14"]
[Round "6"]
[White "Stavova, Helena"]
[Black "Szuscikova, Natalie"]
[Result "1-0"]
[WhiteElo "1000"]
[BlackElo "1181"]
[EventDate "2018.03.10"]

1. e4  c5  2. Nf3  d6
3. d4  cxd4  4. Nxd4
Nf6  5. Nc3  g6
6. Be3  Bg7  7. Bc4  O-O
8. O-O  Nc6  9. Qd2
Bd7  10. Rad1  Rc8
11. Nb3  a6  12. Bh6
Ne5  13. Bd3  Nfg4
14. Bxg7  Kxg7  15. f4
Nxd3  16. cxd3  Qb6+
17. d4  Rfd8  18. h3
Nf6  19. e5  dxe5
20. fxe5  Nh5  21. Qf2
Be6  22. d5  Qxf2+
23. Rxf2  Bd7  24. Rfd2
Rf8  25. Rd3  Nf4
26. Rd4  Rxc3  27. bxc3
Ne2+  28. Kh2  Nxd4
29. Rxd4  Rc8  30. c4
b6  31. Rd1  Rxc4
32. Kg3  Re4  33. e6
fxe6  34. dxe6  Bxe6
35. Rd8  Bxb3  36. axb3
Re3+  37. Kf2  Rxb3
38. Ke2  a5  39. Ra8
Kf6  40. Rf8+  Ke6
41. Rc8  a4  42. Ra8
a3  43. Kd2  Kd5
44. Kc2  Kc4  45. Ra4+
Rb4  46. Rxa3  e5
47. Rc3+  Kd4  48. Rd3+
Ke4  49. Rg3  Kd5
50. Rd3+  Rd4  51. Rb3
Kc5  52. Re3  Kd5
53. Rb3  Rc4+  54. Kd2
Kc5  55. Re3  e4
56. Rg3  Rd4+  57. Kc3
b5  58. Rg5+  Rd5
59. Rg3  Re5  60. Re3
b4+  61. Kd2  Kc4
62. Kc2  Kd4  63. Kd2
Rb5  64. Rb3  Kc4
65. Kc2  Rd5  66. Re3
Kd4  67. Rb3  Kc4
68. Re3  Rd3  69. Rxe4+
Rd4  70. Re3  Rd5
71. Re4+  Kb5  72. Kb3
Rd3+  73. Kc2  Rg3
74. Re5+  Ka4  75. Re2
Ka3  76. Rf2  b3+
77. Kb1  Rd3  78. Rf1
b2  79. Rg1  Kb3
80. Rf1  Rc3  81. Re1
Rc2  82. Rg1  Kc3
83. g4  Kd3  84. Rg3+
Kd2  85. Rg2+  Ke3
86. Rxc2  Kf3  87. Rc3+
Kg2  88. Kxb2  g5
89. Kc1  h6  90. Kd2
Kf1  91. Rf3+  Kg2
92. Ke2  Kh2  93. Kf2
Kh1  94. Kg3  Kg1
95. Rf2  h5  96. gxh5
Kh1  97. Rf1# 1-0

[Event "MCR mladeze, Kouty 2018 - D12"]
[Site "Kouty nad Desnou"]
[Date "2018.03.14"]
[Round "6"]
[White "Seda, Michaela"]
[Black "Ticha, Sofie"]
[Result "1/2-1/2"]
[WhiteElo "1250"]
[BlackElo "1086"]
[EventDate "2018.03.10"]

1. e4  c5  2. Nf3  e6
3. c4  Nc6  4. Nc3
e5  5. Nd5  Nf6
6. d3  d6  7. Bg5  Be7
8. Bxf6  Bxf6  9. Be2
O-O  10. O-O  Bg4
11. Rb1  Re8  12. h3
Bh5  13. Nh2  Bxe2
14. Qxe2  Nd4  15. Qd1
Bg5  16. Nf3  Nxf3+
17. Qxf3  Rc8  18. Rfd1
Qd7  19. b3  Qe6
20. b4  cxb4  21. Rxb4
b6  22. Rdb1  h6
23. Rb5  Rc5  24. Rxc5
dxc5  25. Nc7  Qc6
26. Nxe8  Qxe8  27. Rb5
Qe6  28. Kh2  Qg6
29. a4  Bf4+  30. g3
Bd2  31. Qd1  Bg5
32. Qa1  Bd8  33. Qxe5
Qc6  34. f4  Bc7
35. Qf5  Qb7  36. Qd7
Qb8  37. e5  Qd8
38. Qf5  Qd4  39. h4
Qf2+  40. Kh3  Qf1+
41. Kh2  Qf2+  42. Kh1
Qf1+  1/2-1/2

[Event "MCR mladeze, Kouty 2018 - D12"]
[Site "Kouty nad Desnou"]
[Date "2018.03.14"]
[Round "6"]
[White "Nagyova, Daniela"]
[Black "Sehnoutkova, Laura"]
[Result "1-0"]
[WhiteElo "1313"]
[BlackElo "1079"]
[EventDate "2018.03.10"]

1. e4  c5  2. d4  cxd4
3. c3  d3  4. Qxd3
Nc6  5. Nf3  g6
6. Bf4  Bg7  7. Qe3  d5
8. exd5  Qxd5  9. Be2
e5  10. O-O  Nge7
11. Bg3  O-O  12. Rd1
Qe6  13. Na3  f5
14. Bc4  f4  15. Bxe6+
Bxe6  16. Bxf4  Rxf4
17. Ng5  Bg4  18. f3
Bf5  19. g3  Ra4
20. g4  Bc8  21. c4
e4  22. Qb3  Rb4
23. Qc2  Bxb2  24. Rab1
Bxa3  25. Rxb4  Bxb4
26. Qxe4  Bc5+  27. Kg2
b6  28. Qf4  Ba6
29. Qf7+  Kh8  30. Qxh7#
1-0

[Event "MCR mladeze, Kouty 2018 - D12"]
[Site "Kouty nad Desnou"]
[Date "2018.03.14"]
[Round "6"]
[White "Vavrinkova, Marie"]
[Black "Stribna, Julie"]
[Result "1-0"]
[WhiteElo "1165"]
[BlackElo "1061"]
[EventDate "2018.03.10"]

1. e4  e5  2. Nf3  Nc6
3. Bb5  d6  4. O-O
Bd7  5. d4  exd4
6. Nxd4  Nxd4  7. Bxd7+
Qxd7  8. Qxd4  Qc8
9. Nc3  Nf6  10. Bg5
Be7  11. e5  dxe5
12. Qxe5  O-O  13. Qxe7
Re8  14. Qb4  Nd7
15. Rfe1  Rxe1+  16. Rxe1
h6 17. Bf4  Nb6  18. a4
Nd7  19. Nd5  Kh8
20. Nxc7  Rb8  21. Re8+
Qxe8  22. Nxe8  Rxe8
23. h3  b6 24. Qb5  Re1+
25. Kh2  Nf6  26. Qa6
Nd5  27. Qc8+  Kh7
28. Qf5+ Kg8 29. Qxd5  Re2  30.
Qd8+  Kh7  31. Qd3+  Kg8 32. Qxe2
a5  33. b4  axb4
34. Qb5  1-0

[Event "MCR mladeze, Kouty 2018 - D12"]
[Site "Kouty nad Desnou"]
[Date "2018.03.14"]
[Round "6"]
[White "Spacilova, Klara"]
[Black "Movsisyan, Lusine"]
[Result "1/2-1/2"]
[WhiteElo "1014"]
[BlackElo "1000"]
[EventDate "2018.03.10"]

1. e4  c5  2. Nf3  d6
3. d4  cxd4  4. Nxd4
Nf6  5. Nc3  e6
6. Be2  Be7  7. O-O  O-O 8. Be3
Nc6  9. f4  a6  10. a4
Bd7  11. Qe1  e5
12. fxe5  dxe5  13. Nb3
Bb4  14. Bf3  Rc8
15. Qg3  h6  16. Bxh6
Qb6+  17. Kh1  g6
18. Bxf8  Kxf8  19. Nd5
Nxd5  20. exd5  Nd4
21. Nxd4  Qxd4  22. c3
Bxc3  23. bxc3  Qxc3
24. Qf2  Qc2  25. Qxc2
Rxc2  26. h3  Rd2
27. Kg1  Bf5  28. Rf2
Rd4  29. d6  Rxd6
30. Bxb7  Rd7  31. Bxa6
e4  32. Re2  Re7
33. Kf2  g5  34. g4
Bd7  35. Bb7  f5
36. gxf5  Bxf5  37. Kg2
Rxb7  38. a5  Rb3
39. a6  Bxh3+  40. Kh2
Be6  41. Rxe4  Rh3+
42. Kg2  Rh6  43. Kg1
g4  44. a7  Bd5
45. Rxg4  Rh1+  46. Kf2  Rxa1
47. Rf4+  Ke7  48. Rd4
Ra2+  49. Ke1  Ke6
50. Rd3  Rxa7  51. Re3+
Kd6  52. Rg3  Ra2 53. Rg6+
Ke5  54. Rg4  Bf3
55. Rh4  Be4  56. Kf1
Kd4  57. Rf4  Kd3
58. Rh4  Rg2  59. Rxe4
Rc2  60. Rf4  Ke3
61. Rf7  1/2-1/2

[Event "MCR mladeze, Kouty 2018 - D12"]
[Site "Kouty nad Desnou"]
[Date "2018.03.14"]
[Round "6"]
[White "Jandova, Zuzana"]
[Black "Coufalova, Laura"]
[Result "0-1"]
[WhiteElo "1029"]
[BlackElo "1089"]
[EventDate "2018.03.10"]

1. e4  e5  2. Nf3 Nc6 3. Bc4  Be7
4. d3  d6  5. Nc3
Bg4  6. O-O  Nd4
7. Bxf7+  Kxf7  8. Ng5+
Bxg5  9. Qxg4  h6
10. Qh5+  g6  11. Qg4 Qc8 12.
Qd1  Bxc1  13. Qxc1  Qg4
14. Qe3  Nxc2  15. Qd2
Nxa1  16. Rxa1  Nf6
17. Qc2  Nh5  18. Qb3+
Kg7  19. g3  Nf4
20. Nd1  Nh3+  21. Kg2
Rhf8  22. Qxb7  Nxf2
23. Nxf2  Qf3+  24. Kg1
Qxf2+  25. Kh1  Qe2
26. Qxc7+  Kg8  27. Qc1
Rf2  28. Qg1  Raf8
29. h4  Rf1  30. Rxf1
Rxf1  31. Qxf1  Qxf1+
32. Kh2  Qf2+  33. Kh3
Qxb2  34. a4  Qa3
35. g4  Qxd3+  36. Kg2
Qxe4+  37. Kg3  Qxa4
38. h5  gxh5  39. gxh5
Qf4+  40. Kh3  e4
41. Kg2  e3  42. Kh3
e2  43. Kg2  e1=R
44. Kh3  Qg5  45. Kh2
Rg1  46. Kh3  Qxh5#
0-1

[Event "MCR mladeze, Kouty 2018 - D12"]
[Site "Kouty nad Desnou"]
[Date "2018.03.14"]
[Round "6"]
[White "Macova, Marketa"]
[Black "Glasbergerova, Lucie"]
[Result "0-1"]
[WhiteElo "1000"]
[BlackElo "1222"]
[EventDate "2018.03.10"]

1. e4  e5  2. Bc4  Nf6
3. Nc3  Bb4  4. Nf3
Nc6  5. O-O  Bxc3
6. dxc3  O-O  7. Bg5
d6  8. h3  h6
9. Bh4  Be6  10. Bxe6  fxe6
11. Nh2  Nb8  12. Ng4
Nbd7  13. Qf3  Qe7
14. Qg3  Kh7  15. Nxf6+
Nxf6  16. Rae1  Rae8
17. Re3  b6  18. Rf3
c5  19. Bxf6  Rxf6
20. Rxf6  Qxf6  21. h4
d5  22. exd5  exd5
23. Rd1  Rd8  24. Rd3
a5  25. Rf3  Qe6
26. h5  b5  27. Qg6+
Qxg6  28. hxg6+  Kxg6
29. Re3  e4  30. Re1
Kf5  31. b3  g5
32. Kh2  h5  33. Kh3  Kf4
34. g3+  Kf5  35. Rf1
Rh8  36. f3  e3
37. g4+  hxg4+ 38. Kg3  Rh3+  39.
Kg2  Rxf3  40. Re1  Kf4
41. Rd1  e2  42. Re1
Ke3  43. b4  axb4
44. cxb4  cxb4  45. Rb1
Kd2  46. Ra1  e1=Q
47. Rxe1  Kxe1  48. c4
bxc4  49. a4  c3
50. a5  c2  51. a6
c1=Q  52. a7  Qd2+
53. Kg1  Rf1#  0-1

[Event "MCR mladeze, Kouty 2018 - D12"]
[Site "Kouty nad Desnou"]
[Date "2018.03.14"]
[Round "6"]
[White "Klausova, Katerina"]
[Black "Jaresova, Vendula"]
[Result "1-0"]
[WhiteElo "1000"]
[BlackElo "1000"]
[EventDate "2018.03.10"]

1. e4  e5  2. Nf3  Nc6
3. Bc4  Nf6  4. Nc3
Bc5  5. d3  d6
6. Bg5  Be6  7. Qd2  O-O
8. O-O-O  d5  9. exd5 Nxd5
10. Bxd8  Raxd8  11. Rhe1
Bg4  12. Re4  Bf5
13. Re2  Nf4  14. Ree1
Nxg2  15. Rg1  Bh3
16. Rdf1  Ne7  17. Qg5
Nf4  18. Qxg7#  1-0

[Event "MCR mladeze, Kouty 2018 - D12"]
[Site "Kouty nad Desnou"]
[Date "2018.03.15"]
[Round "7"]
[White "Fizerova, Lucie"]
[Black "Koci, Magda"]
[Result "1-0"]
[WhiteElo "1367"]
[BlackElo "1301"]
[EventDate "2018.03.10"]

1. e4  c6  2. d4  d5
3. Nd2  dxe4  4. Nxe4
Nd7  5. Nf3  Ngf6
6. Ng3  e6  7. Bd3
Bd6  8. Bd2  c5
9. c3  b6  10. Qc2  Bb7
11. Kf1  h6  12. Re1
O-O  13. Ne5  Qc8
14. Nxf7  Rxf7  15. Rxe6
Bxg3  16. hxg3  Nf8
17. Re2  cxd4  18. Bf5
Qc6  19. f3  Ba6
20. Bd3  Bxd3  21. Qxd3
Re8  22. Rxe8  Qxe8
23. cxd4  Rd7  24. Bc3
Qg6  25. Qxg6  Nxg6
26. Kf2  Kf7  27. Re1
Ne7  28. Rd1  Nc6
29. Ke2  b5  30. a3
a5  31. Ke3  b4
32. axb4  axb4  33. Be1  Ke6
34. Bf2  Nd5+  35. Ke4
Nde7  36. g4  Rd5
37. f4  g6  38. Kd3
h5  39. gxh5  Rxh5
40. Kc4  Rd5  41. Be1
Nf5  42. Bf2  Nd6+
43. Kd3  Nf5  44. g4
Nfxd4  45. Ke4  b3
46. Bxd4  Rxd4+  47. Rxd4
Nxd4  48. Kxd4  Kd6
49. Kc4  1-0

[Event "MCR mladeze, Kouty 2018 - D12"]
[Site "Kouty nad Desnou"]
[Date "2018.03.15"]
[Round "7"]
[White "Markova, Karolina"]
[Black "Voriskova, Anna"]
[Result "1-0"]
[WhiteElo "1147"]
[BlackElo "1521"]
[EventDate "2018.03.10"]

1. d4  Nf6  2. Nc3  e6
3. Bg5  Be7  4. e3
b6  5. Bd3  Bb7
6. Nf3  O-O  7. O-O  d6
8. Re1  Nbd7  9. Qe2
h6  10. Bf4  Re8
11. Rad1  Bf8  12. e4
e5  13. dxe5  dxe5
14. Bg3  Bc5  15. Bc4
Qe7  16. Nh4  Bd4
17. Nf5  Qc5  18. Bd3
Bxc3  19. bxc3  Qxc3
20. f3  Rad8  21. Bb5
c6  22. Bc4  Nc5
23. Bh4  b5  24. Bb3
Nxb3  25. axb3  Qc5+
26. Kh1  Rxd1  27. Rxd1
Re6  28. Qd2  Qf8
29. Qa5  Qc5  30. Qc7
Qxc2  31. Rg1  Ba6
32. Qxa7  Qa2  33. b4
Qa4  34. Bf2  Bc8
35. Ne7+  Kf8  36. Nxc8
Qxb4  37. Bc5+  1-0

[Event "MCR mladeze, Kouty 2018 - D12"]
[Site "Kouty nad Desnou"]
[Date "2018.03.15"]
[Round "7"]
[White "Nespora, Tatana"]
[Black "Trasakova, Adela"]
[Result "1/2-1/2"]
[WhiteElo "1274"]
[BlackElo "1227"]
[EventDate "2018.03.10"]

1. e4  c6  2. d4  d5
3. e5  Bf5  4. Nf3
e6  5. Be2  c5
6. O-O  Nd7  7. Be3  cxd4
8. Bxd4  Ne7  9. c4
dxc4  10. Na3  Nc6
11. Nxc4  Be7  12. Nd6+
Bxd6  13. exd6  O-O
14. Bc3  Qb6  15. Bd3
Bxd3  16. Qxd3  Nb4
17. Qe4  Nd5  18. Ng5
N7f6  19. Qd3  h6
20. Bd4  Qc6  21. Rac1
Qd7  22. Ne4  Nxe4
23. Qxe4  Rac8  24. Qg4
g6  25. Qh4  Kh7
26. Be5  Rc6  27. Qh3
Rfc8  28. Rcd1  Rc5
29. b3  Nc3  30. Bf4
Rh5  31. Qf3  Nxd1
32. Rxd1  Rf5  33. g4
Rfc5  34. Qh3  Rh8
35. Qe3  Rd5  36. Rc1
Rc8  37. Rc7  Rxc7
38. dxc7  Rd1+  39. Kg2
Qc6+  40. Kh3  Rg1
41. f3  Rf1  42. Kg3
Rd1  43. Qe2  1/2-1/2

[Event "MCR mladeze, Kouty 2018 - D12"]
[Site "Kouty nad Desnou"]
[Date "2018.03.15"]
[Round "7"]
[White "Zemanova, Nikola"]
[Black "Pejrimovska, Viola Ruby"]
[Result "0-1"]
[WhiteElo "1173"]
[BlackElo "1444"]
[EventDate "2018.03.10"]

1. d4  Nf6  2. c4  c5
3. Nf3  cxd4  4. Nxd4
e6  5. Nc3  a6
6. Bg5  Be7  7. e3  O-O
8. Be2  b6  9. O-O
Bb7  10. Bf3  Qc7
11. Qe2  Nc6  12. Rfd1
d6  13. Rd2  Rac8
14. Rad1  Ne5  15. Bxb7
Qxb7  16. Bxf6  Bxf6
17. Nf3  Nxc4  18. Rd3
b5  19. Ne1  Rfd8
20. f4  Qc6  21. Nf3
Nxb2  22. Qxb2  Bxc3
23. Qb3  Bf6  24. Qb4
d5  25. Nd4  Qc7
26. Nb3  Bc3  27. Qa3
Qd6  28. Qxd6  Rxd6
29. Rc1  Rdc6  30. Kf1
g6  31. Ke2  Bb4
32. Rxc6  Rxc6  33. Nd4
Rc8  34. g4  Rc1
35. Kf3  Rc8  36. e4
dxe4+  37. Kxe4  Rc4
38. Kf3  Rc3  39. Rxc3
Bxc3  40. Nc6  Kf8
41. Ke4  f5+  42. gxf5
exf5+  43. Kd5  Kf7
44. Kd6  a5  45. Ne5+
Bxe5+  46. fxe5  Ke8
47. Kc5  f4  48. Kd4
g5  49. Ke4  b4
50. Kd3  a4  51. Kc4  f3
52. Kxb4  f2 53. Kxa4 f1=Q  0-1

[Event "MCR mladeze, Kouty 2018 - D12"]
[Site "Kouty nad Desnou"]
[Date "2018.03.15"]
[Round "7"]
[White "Zelbova, Lada"]
[Black "Hosova, Sandra"]
[Result "1/2-1/2"]
[WhiteElo "1131"]
[BlackElo "1142"]
[EventDate "2018.03.10"]

1. d4  d5  2. c4  c6
3. Nc3  e6  4. Nf3
Nf6  5. Bf4  Nbd7
6. e3  Be7  7. cxd5
exd5  8. Be2  O-O
9. O-O  Ne4  10. Qc2
Ndf6  11. Ne5  Nxc3
12. Qxc3  Ne4  13. Qc2
f5  14. f3  Nf6
15. Bd3  Nh5  16. a3  Nxf4
17. exf4  Bh4  18. b4
Bd7  19. Qb3  Bf6
20. Rfe1  Re8  21. b5
Qb6  22. Nxd7  Bxd4+
23. Kf1  Qc7  24. Rxe8+
Rxe8  25. Re1  Rxe1+
26. Kxe1  Qxd7  27. bxc6
bxc6  28. Kd2  Qd6
29. Bxf5  Qxf4+  30. Kd3
Qe3+  31. Kc2  Qe2+
32. Kb1 1/2-1/2

[Event "MCR mladeze, Kouty 2018 - D12"]
[Site "Kouty nad Desnou"]
[Date "2018.03.15"]
[Round "7"]
[White "Novakova, Barbora"]
[Black "Martinkova, Magdalena"]
[Result "0-1"]
[WhiteElo "1188"]
[BlackElo "1112"]
[EventDate "2018.03.10"]

1. e4  e5  2. f4  d5
3. exd5  exf4  4. Nf3
Nf6  5. Bb5+  c6
6. dxc6  Nxc6  7. Bxc6+
bxc6  8. O-O  Be7
9. d4  O-O  10. Bxf4
Nd5  11. Bd2  Bg4
12. Nc3  Bf6  13. Bc1
Qa5  14. Nxd5  Qxd5
15. c3  Rad8  16. Qa4
Rfe8  17. Qxa7  Bxf3
18. Rxf3  Re1+  19. Kf2
Rde8  20. Kg3  Qh5
21. Rf4  Qg6+  22. Kf3
Rf1# 0-1

[Event "MCR mladeze, Kouty 2018 - D12"]
[Site "Kouty nad Desnou"]
[Date "2018.03.15"]
[Round "7"]
[White "Vankova, Marie"]
[Black "Stavova, Helena"]
[Result "1-0"]
[WhiteElo "1291"]
[BlackElo "1000"]
[EventDate "2018.03.10"]

1. e4  e5  2. Nf3  Nc6
3. Bc4  Bc5  4. O-O
Nf6  5. d4  Bxd4
6. Nxd4  Nxd4  7. f4
d6  8. fxe5  dxe5
9. Bg5  Be6  10. Na3
h6  11. Bxf6  gxf6
12. c3  Bxc4  13. Nxc4
Nc6  14. Qxd8+  Rxd8
15. Rxf6  Ke7  16. Raf1
Rh7  17. R6f5  Ke6
18. R1f3  Rg8  19. b4
b5  20. Ne3  Rg6
21. Nd5  Rhg7  22. Nxc7+
Ke7  23. Nd5+  Ke6
24. Rf6+  Kd7  25. Rxf7+
Rxf7  26. Rxf7+  Ke6
27. Rf1  Kd7  28. Kf2
Ne7  29. Nxe7  Kxe7
30. g3  Rc6  31. Rc1
Kf6  32. Kf3  Rc4
33. h4  h5  34. Ke3
Rc7  35. Kd3  Ke6
36. c4  Rd7+  37. Ke3
Rc7  38. c5  Rd7
39. Rc2  a6  40. Rd2
Rxd2  41. Kxd2  Kd7
42. Ke3  Ke6  43. Kf3
Kf6  44. g4  hxg4+
45. Kxg4  Kf7  46. h5
Kg7  47. c6  Kf6
48. c7  1-0

[Event "MCR mladeze, Kouty 2018 - D12"]
[Site "Kouty nad Desnou"]
[Date "2018.03.15"]
[Round "7"]
[White "Coufalova, Laura"]
[Black "Nagyova, Daniela"]
[Result "0-1"]
[WhiteElo "1089"]
[BlackElo "1313"]
[EventDate "2018.03.10"]

1. e4  e5  2. Nf3  Nc6
3. Bc4  Nf6  4. d4
exd4  5. O-O  Nxe4
6. Re1  d5  7. Bxd5
Qxd5  8. Nc3  Qh5
9. Nxe4  Be6  10. Neg5
O-O-O  11. Nxe6  fxe6
12. Rxe6  Bd6  13. Re1
h6  14. b3  Rhf8
15. Bb2  g5  16. h3
g4  17. hxg4  Qxg4
18. Nh2  Bxh2+  19. Kxh2
Qh4+  20. Kg1  Qxf2+
21. Kh1  Rg8  22. Qe2
Qh4+  23. Kg1  Rd6
24. Rad1  Rdg6  25. Rf1
Rxg2+  26. Qxg2  Rxg2+
27. Kxg2  Qe4+  28. Kg1
b6  29. Rd2  h5
30. Rh2  Kb7  31. Rff2  Ne5
32. Rhg2  Qe1+  33. Kh2
Ng4+  34. Kg3  Nxf2
35. Rxf2  h4+  36. Kf3
Qe3+  37. Kg2  h3+
38. Kg1  h2+  39. Kxh2
Qxf2+  40. Kh3  Qxc2
41. Bxd4  Qd3+  42. Kg2
Qxd4  43. Kf3  Kc6
44. Ke2  Qc3  45. a4
Kd5  46. a5  Ke4
47. axb6  Qc2+  48. Kf1
cxb6  49. b4  Kf3
50. Kg1  Qg2# 0-1

[Event "MCR mladeze, Kouty 2018 - D12"]
[Site "Kouty nad Desnou"]
[Date "2018.03.15"]
[Round "7"]
[White "Stastna, Alena"]
[Black "Vavrinkova, Marie"]
[Result "0-1"]
[WhiteElo "1067"]
[BlackElo "1165"]
[EventDate "2018.03.10"]

1. e4  c6  2. Nc3  d5
3. d4  dxe4  4. Nxe4
Bf5  5. Nc5  b6
6. Nb3  e6  7. Nf3  Nf6
8. Bg5  Be7  9. Bd3
Ne4  10. Bxe7  Qxe7
11. O-O  O-O  12. Qe2
Nd6  13. Rfe1  Nd7
14. Bxf5  Nxf5  15. Ne5
Nxe5  16. Qxe5  Rad8
17. c3  Rd5  18. Qe4
Nd6  19. Qe2  b5
20. Nc5  Re8  21. a4
e5  22. axb5  cxb5
23. h3  h6  24. f4
e4  25. b3  e3
26. Rad1  Nf5  27. Nd3  f6
28. Nb4  Rd6  29. Nc2
Qe4  30. Qxb5  e2
31. Rd2  Rde6  32. Qc4
Nh4  33. Rdxe2  Qg6
34. Rf2  Qf7  35. f5
Rxe1+  36. Nxe1  Qxc4
37. bxc4  Rxe1+  38. Rf1
Re3  39. d5  Rxc3
40. d6  Rxc4  41. Rd1
Rc8  42. Kf2  Nxf5
43. g4  Nh4  44. Ke3
Kf7  45. Kf4  Rd8
46. Kg3  Ng6  47. h4
Ke6  48. h5  Rxd6
49. Rxd6+  Kxd6  50. hxg6
a5  51. Kf2  a4
0-1

[Event "MCR mladeze, Kouty 2018 - D12"]
[Site "Kouty nad Desnou"]
[Date "2018.03.15"]
[Round "7"]
[White "Havelkova, Beata"]
[Black "Seda, Michaela"]
[Result "1-0"]
[WhiteElo "1148"]
[BlackElo "1250"]
[EventDate "2018.03.10"]

1. e4  e5  2. Nf3  Nc6
3. Bb5  a6  4. Ba4
Nf6  5. O-O  Nxe4
6. d4  b5  7. Bb3
d5  8. dxe5  Be6
9. c3  Be7  10. Nbd2
Nc5  11. Bc2  O-O
12. Nb3  Qd7  13. Nbd4
Bg4  14. Nxc6  Qxc6
15. Nd4  Qd7  16. f3
Bh5  17. Be3  f6
18. Bf5  Qe8  19. Be6+
Bf7  20. Bxf7+  Qxf7
21. Nf5  Rad8  22. Qd4
1-0

[Event "MCR mladeze, Kouty 2018 - D12"]
[Site "Kouty nad Desnou"]
[Date "2018.03.15"]
[Round "7"]
[White "Folkova, Marketa"]
[Black "Sulcova, Tereza"]
[Result "0-1"]
[WhiteElo "1027"]
[BlackElo "1140"]
[EventDate "2018.03.10"]

1. e4  e6  2. d4  d5
3. exd5  exd5  4. Nc3
c6  5. Bd3  Bd6
6. h3  Ne7  7. Nf3  Bf5
8. O-O  Nd7  9. Re1
Bg6  10. Bxg6  hxg6
11. Qd3  Qc7  12. Bd2
O-O-O  13. Reb1  f6
14. b4  g5  15. a4
g4  16. Ne1  gxh3
17. gxh3  g5  18. Qf3
f5  19. Bxg5  Rdg8
0-1

[Event "MCR mladeze, Kouty 2018 - D12"]
[Site "Kouty nad Desnou"]
[Date "2018.03.15"]
[Round "7"]
[White "Rolinkova, Adela"]
[Black "Spacilova, Klara"]
[Result "1-0"]
[WhiteElo "1209"]
[BlackElo "1014"]
[EventDate "2018.03.10"]

1. e4  e5  2. Nf3  Nc6
3. d4  exd4  4. c3
dxc3  5. Bc4  cxb2
6. Bxb2  Nf6  7. e5
Qe7  8. O-O  Ng4
9. Re1  Qd8  10. Nbd2
b6  11. Qb3  Nh6
12. Ne4  Na5  13. Qc2
c6  14. Rad1  Qc7
15. Nd6+  Kd8  16. Nxf7+
Nxf7  17. Bxf7  a6
18. e6  h5  19. exd7
Qb7  20. dxc8=Q+  Kxc8
21. Re8+  Kc7  22. Rxa8
Qxa8  23. Be5+  Kc8
24. Be6+  Kb7  25. Rd7+
1-0

[Event "MCR mladeze, Kouty 2018 - D12"]
[Site "Kouty nad Desnou"]
[Date "2018.03.15"]
[Round "7"]
[White "Movsisyan, Lusine"]
[Black "Szuscikova, Natalie"]
[Result "0-1"]
[WhiteElo "1000"]
[BlackElo "1181"]
[EventDate "2018.03.10"]

1. e4  c5  2. c3  d6
3. Nf3  Nf6  4. d4
cxd4  5. cxd4  Nxe4
6. Ng5  Qa5+  7. Bd2
Nxd2  8. Qxd2  Qxd2+
9. Nxd2  g6  10. Rc1
Nc6  11. Bc4  e6
12. d5  Nb4  13. a3
Nxd5  14. Bb5+  Ke7
15. Bc4  Bh6  16. h4
Nb6  17. Bb5  a6
18. Rc7+  Nd7  19. Bxd7
Bxd7  20. Rxb7  Rab8
21. Rb3  Rxb3  22. Nxb3
Rb8  23. Na1  Rxb2
24. O-O  Bxg5  25. hxg5
Ra2  26. Rc1  Rxa3
27. Nc2  Rc3  28. Kf1
Ba4  29. Ra1  Bxc2
30. Ke1  Rc6  31. Ra2
Be4  32. f3  Bd5
33. Rb2  Kd7  34. Rb7+
Rc7  35. Rb6  Ra7
36. Ke2  a5  37. Kd2
a4  38. Kc2  a3
39. Kb1  Kc7  40. Rb4  Rb7
41. Rxb7+  Kxb7  42. Ka1
Kb6  43. Kb1  Kb5
44. Ka1  Kb4  45. Kb1
Bc4  46. Ka1  d5
47. Kb1  Kb3  48. Ka1
d4  49. Kb1  d3
50. Kc1  a2  51. Kd2  a1=Q
52. Ke3  Qe5+  53. Kf2
d2  54. f4  Qxf4+
55. Kg1  d1=R#  0-1

[Event "MCR mladeze, Kouty 2018 - D12"]
[Site "Kouty nad Desnou"]
[Date "2018.03.15"]
[Round "7"]
[White "Ticha, Sofie"]
[Black "Jandova, Zuzana"]
[Result "1-0"]
[WhiteElo "1086"]
[BlackElo "1029"]
[EventDate "2018.03.10"]

1. e4  e5  2. Nf3  Nc6
3. d4  f6  4. Nc3
Bb4  5. Bb5  Nge7
6. O-O  Ba5  7. Be3
a6  8. Ba4  b5
9. Bb3  b4  10. Nd5  Nxd5
11. Bxd5  Bb7  12. h3
Ne7  13. Bxb7  Ra7
14. Bd5  c6  15. Bb3
d5  16. dxe5  Rb7
17. exd5  cxd5  18. c4
Rd7  19. cxd5  Nxd5
20. Bxd5  Rxd5  21. Qa4+
Rb5  22. Qb3 Qd5  23. Qxd5
Rxd5  24. Rac1  O-O
25. Rc5  Rd7  26. Rxa5
Ra8  27. exf6  gxf6
28. Rc5  Rad8  29. Rc4
f5  30. Ng5  a5
31. Rf4  Rd5  32. g4  fxg4
33. Rxg4  R5d6  34. Ne6+
Kf7  35. Nxd8+  Rxd8
36. Rd4  Rg8+  37. Kh2
a4  38. Rg1  Rb8
39. Rf4+  Ke6  40. Rgg4
h5  41. Rh4  b3
42. axb3  axb3  43. Rb4  Rxb4
44. Rxb4  Kf5  45. Kg3
Kg6  46. Rb5  Kf6
47. Rxh5  Kg6  48. Ra5
Kf6  49. Kg4  Kg6
50. Ra6+  Kf7  51. Kg5
Ke7  52. Kf5  Kd7
53. Ke5  Kc7  54. Kd5
Kb7  55. Rh6  Kc7
56. Rg6  Kb7  57. Kc5
Ka7  58. Kb5+  Kb7
59. Rg7+  Kc8  60. Kb6
1-0

[Event "MCR mladeze, Kouty 2018 - D12"]
[Site "Kouty nad Desnou"]
[Date "2018.03.15"]
[Round "7"]
[White "Sehnoutkova, Laura"]
[Black "Klausova, Katerina"]
[Result "1-0"]
[WhiteElo "1079"]
[BlackElo "1000"]
[EventDate "2018.03.10"]

1. e4  e5  2. Nf3  Nc6
3. Bc4  Bc5  4. c3
Nf6  5. d4  exd4
6. cxd4  Bb4+  7. Bd2
Bxd2+  8. Nbxd2  d6
9. Qa4  O-O  10. d5
Ne5  11. Nxe5  dxe5
12. O-O  a6  13. Qa3
Nh5  14. Nf3  Qf6
15. g3  Bg4  16. Be2
Rad8  17. Rfd1  g6
18. Rac1  Rc8  19. d6
cxd6  20. Rxc8  Rxc8
21. Rxd6  Qe7  22. Rxg6+
hxg6  23. Qxe7  Bh3
24. Qg5  b5  25. Nd2
Rc1+  26. Nf1  Rc2
27. Bxh5  a5  28. Bg4
Rxb2  29. Bxh3  Rxa2
30. Qxe5  b4  31. Be6
a4  32. Bxa2  b3
33. Bxb3  axb3  34. Qb2
Kf8  35. Qxb3  f6
36. f4  f5  37. exf5
gxf5  38. Kf2  Ke7
39. Qb6  Kd7  40. Ke3
Ke7  41. Kd4  Kf7
42. Ke5  Kg7  43. Kxf5
1-0